Dynamic response and progressive failure of special structures : (Record no. 549915)

000 -LEADER
fixed length control field 01412cam a2200205 a 4500
020 ## - INTERNATIONAL STANDARD BOOK NUMBER
International Standard Book Number 0872629465
082 00 - DEWEY DECIMAL CLASSIFICATION NUMBER
Classification number 624.1773
Author Mark JOI
245 00 - TITLE STATEMENT
Title Dynamic response and progressive failure of special structures :
Remainder of title proceedings of the technical sessions on response of truss and truss-type structures during progressive failure and dynamic loading and analysis of structures /
Statement of responsibility, etc. edited by Ramesh B. Malla.
260 ## - PUBLICATION, DISTRIBUTION, ETC.
Place of publication, distribution, etc. New York, N.Y. :
Name of publisher, distributor, etc. American Society of Civil Engineers,
Date of publication, distribution, etc. 1993.
300 ## - PHYSICAL DESCRIPTION
Extent ix, 154 p. :
Other physical details ill. ;
Dimensions 22 cm.
500 ## - GENERAL NOTE
General note "Sponsored by the Committee on Dynamics and Controls of the ASCE Aerospace Division (the first session also co-sponsored by the Committee of Special Structures of the Committee on Metals of the ASCE Structural Division). For the first Joinct ASCE-EMD, ASME-AMD, SES Meeting (MEET'N'93). Organized by the Engineering Mechanics Division of the American Society of Civil Engineers and the Applied Mechanics Division of the American Society of Mechanical Engineers and Society of Engineering Sciences, Charlottesville, VA, June 6-9, 1993."
526 ## - STUDY PROGRAM INFORMATION NOTE
Program name 0
Interest level 0
Reading level 0
Title point value 624_177300000000000_JOI
650 #0 - SUBJECT ADDED ENTRY--TOPICAL TERM
Topical term or geographic name entry element MCE
9 (RLIN) 379
650 #0 - SUBJECT ADDED ENTRY--TOPICAL TERM
Topical term or geographic name entry element Structural dynamics
General subdivision Congresses.
9 (RLIN) 42810
650 #0 - SUBJECT ADDED ENTRY--TOPICAL TERM
Topical term or geographic name entry element Structural failures
General subdivision Congresses.
9 (RLIN) 46624
650 #0 - SUBJECT ADDED ENTRY--TOPICAL TERM
Topical term or geographic name entry element Trusses
General subdivision Congresses.
9 (RLIN) 46625
700 1# - ADDED ENTRY--PERSONAL NAME
Personal name Malla, Ramesh B.
9 (RLIN) 46626
710 2# - ADDED ENTRY--CORPORATE NAME
Corporate name or jurisdiction name as entry element American Society of Civil Engineers.
9 (RLIN) 702
942 ## - ADDED ENTRY ELEMENTS (KOHA)
Source of classification or shelving scheme
Koha item type Book
Holdings
Withdrawn status Lost status Source of classification or shelving scheme Damaged status Not for loan Permanent Location Current Location Date acquired Total Checkouts Full call number Barcode Date last seen Date last checked out Price effective from Koha item type
          Military College of Engineering (MCE) Military College of Engineering (MCE) 10/16/2014 1 624.1773 JOI MCE-43524 10/17/2014 10/17/2014 10/16/2014 Book
© 2023 Central Library, National University of Sciences and Technology. All Rights Reserved.